000 00481nam a2200157 i 4500
001 76672
003 ES-MaACL
005 20230906172921.0
007 t|
008 041004s1932 gt ||||1| spa d
100 1 _aGuillén, Flavio.
_960763
245 1 3 _aUn fraile prócer y una fábula poema
_b: (estudio acerca de Matías de Córdova) /
_cFlavio Guillén.
260 _aGuatemala :
_b[s.n.],
_c1932 (
_fTip. Nacional)
300 _a262 p. ;
_c27 cm.
852 _aES-MaACL
_jA-3959
999 _c76672
_d76672